000
00250nam a2200097Ia 4500
001
726909
005
20250826163438.0
008
250824s9999 xx 000 0 und d
245
0
_a
BENDEN SONRA MUTLULUK
_c
ÖZDEMİR ASAF
260
_b
YAPI KREDİ YAYINLARI
999
_c
726909
_d
726909